| 000 | 00435nam a22001337a 4500 | ||
|---|---|---|---|
| 040 | _cNUST | ||
| 082 | _a200 THE | ||
| 100 |
_aFarasat ullah Khan _9118366 |
||
| 110 |
_aSupervisor: Dr. Sajid Gul Khawaja Dr. Muhammad Usman Akram _9118380 |
||
| 245 | _aTH-SOF-2185-A Framework to Extract Summarized Text and its Brail Conversion | ||
| 260 |
_aISLAMABAD: _bNUST College of EME, _c2023. |
||
| 650 |
_aMS-CSE-19 _9118362 |
||
| 942 |
_2ddc _cTHE |
||
| 999 |
_c603327 _d603327 |
||